| 000 | 00909nam a2200277Ia 4500 | ||
|---|---|---|---|
| 001 | Para_3436 | ||
| 003 | CHAP | ||
| 008 | 220125s1931 xx 000 0 und d | ||
| 010 | _a202013 | ||
| 040 | _cCHAP | ||
| 082 | _aPA-C 595.77 D5 | ||
| 100 |
_aHoffmann, Carlos C _955799 |
||
| 245 |
_aNuevas comunicaciones acerca de la onchocercosis de Chiapas / _c Carlos C. Hoffman y Luis Vargas |
||
| 300 | _a21 p. | ||
| 440 |
_aDíptera; 8 _9166981 |
||
| 500 | _aSobretiro de: Revista mexicana de biología Tomo 11 (5): 127-147, 1931. Encuadernado con otros impresos similares | ||
| 650 |
_aDípteros Oncocercosis _x Chiapas Insectos como trasmisores de contagio _9166985 |
||
| 700 |
_aCargas, Luis _918950 |
||
| 901 | _aPA-C 595.77 D5 | ||
| 902 | _aA | ||
| 905 | _a0000001931 0000000000 00 | ||
| 910 | _a1931 | ||
| 942 | _cPARA | ||
| 942 |
_cPARA _d1 |
||
| 999 |
_c202013 _d202013 |
||